Financial market / (Record no. 41838)

MARC details
000 -LEADER
fixed length control field 00741nam a22002177a 4500
005 - DATE AND TIME OF LATEST TRANSACTION
control field 20100814120116.0
010 ## - LCCN (DPL NO)
LC control number ENG-100227
020 ## - INTERNATIONAL STANDARD BOOK NUMBER
Terms of availability 40.00
035 ## - SYSTEM CONTROL NUMBER
System control number EN-83759
037 ## - SOURCE OF ACQUISITION
Source of stock number/acquisition DBAD/PUB
082 ## - DEWEY DECIMAL CLASSIFICATION NUMBER
Classification number 332.0973
100 ## - MAIN ENTRY--PERSONAL NAME
Personal name Thirupathi Raja,K.
245 ## - TITLE STATEMENT
Title Financial market /
Statement of responsibility, etc by K.Thirupathi Raja
260 ## - PUBLICATION, DISTRIBUTION, ETC. (IMPRINT)
Place of publication, distribution, etc Madurai
Name of publisher, distributor, etc Pavai Pathippagam
Date of publication, distribution, etc 2006
270 ## - ADDRESS
Address 37-A, North Avani Moola Street
City Madurai
Postal code 625001
300 ## - PHYSICAL DESCRIPTION
Extent 57p.
Dimensions 20cm (pbk)
650 ## - SUBJECT ADDED ENTRY--TOPICAL TERM
Topical term or geographic name as entry element Financial Institution
650 ## - SUBJECT ADDED ENTRY--TOPICAL TERM
Topical term or geographic name as entry element Money Market
942 ## - ADDED ENTRY ELEMENTS (KOHA)
Source of classification or shelving scheme Dewey Decimal Classification
Item type English Books
Classification part 332.0973
Call number suffix THI
Holdings
Withdrawn status Lost status Not for loan Collection code Home library Current library Date acquired Source of acquisition Cost, normal purchase price Full call number Barcode Copy number Cost, replacement price Koha item type
    Not For Loan Non-fiction D.B.Act.Division D.B.Act.Division 14/08/2010 DBAD/PUB 40.00 332.0973 THI EN-83759 1 40.00 English Books

© Delhi Public Library
Hit Counter
free hit counter